Les 20 plus grandes villes de Seine-et-Marne sur une carte - Statistiques

Statistiques générales
  • Ce quiz a été pris 178 fois
  • Le résultat moyen est 10 sur 20
Réponses sur la Carte
Les réponses sont colorées sur une échelle allant du rouge au vert en fonction du pourcentage des utilisateurs qui les ont devinées à leur premier essai. Vous pouvez retrouver ces pourcentages ci-dessous.
 
Statistiques - réponses
Commune Population % Correct
Melun 43 685
98%
Meaux 56 659
96%
Torcy 22 939
81%
Chelles 54 372
80%
Pontault-Combault 38 941
60%
Champs-sur-Marne 26 661
52%
Lagny-sur-Marne 21 433
52%
Noisiel 15 927
49%
Montereau-Fault-Yonne 21 840
47%
Roissy-en-Brie 23 521
46%
Villeparisis 26 794
45%
Bussy-Saint-Georges 26 334
43%
Dammarie-les-Lys 23 252
43%
Le Mée-sur-Seine 19 527
43%
Mitry-Mory 20 393
41%
Savigny-le-Temple 30 630
40%
Combs-la-Ville 22 712
36%
Ozoir-la-Ferrière 20 969
35%
Brie-Comte-Robert 18 999
29%
Moissy-Cramayel 18 498
22%
Aucun quiz correspondant
Distribution des résultats
% des personnes avec chaque résultat
Percentile par nombre de réponses
Votre historique - résultats
Vous n’avez pas pris ce quiz